Welche historischen Gebäude in London zu besichtigen sind - Statistiken

Allgemein
  • Dieses Quiz wurde 35 mal gespielt
  • Das Durchschnittsergebnis liegt bei 3 aus 5
Antwortstatistiken
Antwort % Korrekt
Tower Bridge
84%
Big Ben
65%
Buckingham Palace
61%
Westminster Abbey
42%
St Paul Kathedrale
0%
Keine übereinstimmenden Quizze gefunden
Verteilung der Resultate
Anzahl Personen mit jedem Resultat
Perzentil nach korrekt beantworteten Fragen
Ihre Resultats-Entwicklung
Sie haben dieses Quiz noch nicht gespielt